LEADER 01610nam 22004573 450 001 996676580203316 005 20250912080409.0 010 $a3-8394-0559-9 024 8 $a10.14361/9783839405598 035 $a(MiAaPQ)EBC32291815 035 $a(Au-PeEL)EBL32291815 035 $a(CKB)40918202600041 035 $a(OCoLC)1535977276 035 $a(ScCtBLL)2064a49a-3104-4891-af86-1460bb2412c4 035 $a(EXLCZ)9940918202600041 100 $a20250912d2025 uy 0 101 0 $ager 135 $aurcnu|||||||| 181 $ctxt$2rdacontent 182 $cc$2rdamedia 183 $acr$2rdacarrier 200 14$aDie Intelligente Täuschung $eÜber Die Fähigkeiten Künstlicher Intelligenz 205 $a1st ed. 210 1$aBielefeld :$ctranscript Verlag,$d2025. 210 4$d©2025. 215 $a1 online resource (247 pages) 330 $aDer Einzug von Künstlicher Intelligenz (KI) in unser Leben wird gleichermaßen von Heils- und Unheilserwartungen begleitet: Die einen erhoffen sich Produktivitätssteigerungen, die anderen befürchten, dass Europa den Wettlauf mit den USA und China längst verloren hat. 606 $aART / Film & Video$2bisacsh 606 $aART / Techniques / General$2bisacsh 606 $aPHILOSOPHY / Social$2bisacsh 615 7$aART / Film & Video 615 7$aART / Techniques / General 615 7$aPHILOSOPHY / Social 700 $aJäkel$b Frank$01848798 801 0$bMiAaPQ 801 1$bMiAaPQ 801 2$bMiAaPQ 906 $aBOOK 912 $a996676580203316 996 $aDie Intelligente Täuschung$94436275 997 $aUNISA